[Event "Renova FIDE GP Zug"]
[Site "Zug SUI"]
[Date "2013.04.20"]
[Round "3.1"]
[White "Caruana,F"]
[Black "Morozevich,A"]
[Result "1/2-1/2"]
[WhiteElo "2772"]
[BlackElo "2758"]

1.e4 e5 2.Nf3 Nc6 3.Bb5 a6 4.Ba4 Nf6 5.O-O Be7 6.Re1 b5 7.Bb3 d6 8.c3 O-O
9.h3 Re8 10.d4 Bb7 11.Nbd2 Bf8 12.d5 Nb8 13.Nf1 Nbd7 14.N3h2 Nc5 15.Bc2 c6
16.b4 Ncd7 17.dxc6 Bxc6 18.Bg5 Qc7 19.Bxf6 Nxf6 20.Ng4 Nxg4 21.hxg4 Be7 22.Bb3 Bg5
23.Qf3 Rf8 24.Ne3 Bxe3 25.Rxe3 Bd7 26.g5 Be6 27.Qh5 Qe7 28.Rd1 g6 29.Qh4 h5
30.Rf3 Kg7 31.Rf6 Rac8 32.Rd3 Bc4 33.Rdf3 Qd7 34.Qh3 Qg4 35.Rxd6 Qxe4 36.Re3 Qf4
37.Qg3 Bxb3 38.axb3 Rfd8 39.Rxa6 Qxg3 40.Rxg3 Rd1+ 41.Kh2 Rc1 42.Re3 R1xc3
43.Rxe5 Rxb3 44.Rxb5 Rc4 45.g3 Rcxb4 46.Rxb4 Rxb4  1/2-1/2

[Event "Renova FIDE GP Zug"]
[Site "Zug SUI"]
[Date "2013.04.21"]
[Round "4.5"]
[White "Morozevich,A"]
[Black "Karjakin,Sergey"]
[Result "1/2-1/2"]
[WhiteElo "2758"]
[BlackElo "2786"]

1.d4 Nf6 2.c4 e6 3.Nc3 Bb4 4.Qc2 d5 5.cxd5 Qxd5 6.Nf3 Qf5 7.Qb3 Nc6 8.Bd2 O-O
9.Rc1 Bd6 10.h3 e5 11.g4 Qd7 12.g5 Nxd4 13.Nxd4 exd4 14.gxf6 dxc3 15.Bxc3 Re8
16.Qd5 Qf5 17.Qxf5 Bxf5 18.fxg7 c6 19.Rg1 Be5 20.e3 Rad8 21.h4 Rd6 22.Bxe5 Rxe5
23.h5 h6 24.Be2 Be6 25.Rd1 Rxd1+ 26.Bxd1 Bxa2 27.Bc2 Rg5 28.Rxg5 hxg5 29.h6 Be6
30.b4 b6 31.Kd2 a5 32.bxa5 bxa5 33.e4 f6 34.Ke3 Kh7 35.e5+ f5 36.Kd4 Kxh6
37.Bxf5 Bd5 38.Bc2 Kxg7 39.Kc5 g4 40.Kd6 Kh6 41.e6 Bxe6 42.Kxe6 g3 43.fxg3 Kg5
44.Bd1 a4 45.Bxa4 Kg4 46.Bxc6 Kxg3  1/2-1/2

[Event "Renova FIDE GP Zug"]
[Site "Zug SUI"]
[Date "2013.04.23"]
[Round "5.3"]
[White "Giri,A"]
[Black "Morozevich,A"]
[Result "0-1"]
[WhiteElo "2727"]
[BlackElo "2758"]

1.d4 Nf6 2.c4 g6 3.Nf3 Bg7 4.g3 O-O 5.Bg2 c5 6.O-O d6 7.Nc3 Nc6 8.dxc5 dxc5
9.Bf4 Nd4 10.Nxd4 cxd4 11.Na4 Qa5 12.c5 Rd8 13.Rc1 Nd5 14.Bd2 Qa6 15.b4 b5
16.Nb2 Be6 17.Qc2 Rac8 18.Nd1 Nf6 19.Bg5 Bf5 20.Qd2 h5 21.Re1 Ne4 22.Bxe4 Bxe4
23.Bxe7 Re8 24.Bd6 Bb7 25.f3 Qc6 26.Bf4 Re6 27.Nf2 Rce8 28.h4 Re3 29.Nh3 Ra3
30.Ng5 f6 31.Nh3 Qe6 32.Nf2 Rxa2 33.Qxd4 g5 34.c6 Bxc6 35.Qd6 Bd5 36.Qxe6+ Rxe6
37.e4 gxf4 38.exd5 Rxe1+ 39.Rxe1 f5 40.Rd1 fxg3 41.Nh3 Bc3 42.d6 Bxb4 43.Rd5 Ba5
44.d7 Bb6+ 45.Kf1 g2+ 46.Ke1 Bd8 47.Rxf5 Ba5+ 48.Kd1 Rd2+ 49.Kc1 Rxd7 50.Rxb5 Bb6
51.Rxh5 Rg7 52.Kd2 Rg3 53.Rg5+ Rxg5 54.hxg5 Kg7 55.Kd3 g1=Q 56.Nxg1 Bxg1
57.f4 Kg6  0-1

[Event "Renova FIDE GP Zug"]
[Site "Zug SUI"]
[Date "2013.04.24"]
[Round "6.4"]
[White "Morozevich,A"]
[Black "Leko,P"]
[Result "1/2-1/2"]
[WhiteElo "2758"]
[BlackElo "2744"]

1.c4 c5 2.Nf3 Nf6 3.Nc3 Nc6 4.d4 cxd4 5.Nxd4 e6 6.g3 Bc5 7.Nb3 Be7 8.Bg2 b6
9.O-O O-O 10.Nd5 Ba6 11.Nxe7+ Qxe7 12.Nd2 d5 13.Qa4 Bb7 14.b3 Rfd8 15.Ba3 Qd7
16.cxd5 Nxd5 17.Rfc1 e5 18.e3 h6 19.Ne4 Ncb4 20.Bxb4 Qxa4 21.bxa4 Nxb4 22.Nf6+ gxf6
23.Bxb7 Rab8 24.Rc7 Nd5 25.Bxd5 Rxd5 26.Rxa7 Ra5 27.Rxa5 bxa5 28.Rc1 Rb4
29.a3 Rxa4 30.Rc3 f5 31.f4 f6 32.Kf2 Kg7 33.Ke2 Kg6 34.Kd3 h5 35.Ke2 h4 36.Kf3 hxg3
37.hxg3 Kg7 38.Kg2 Kg6 39.Kh3 Re4 40.Kg2 Ra4 41.Kf3 Kg7 42.Kf2 Kg6 43.Kf3 Kg7
44.Kf2 Kg6 45.Kf3  1/2-1/2

[Event "Renova FIDE GP Zug"]
[Site "Zug SUI"]
[Date "2013.04.25"]
[Round "7.4"]
[White "Kamsky,G"]
[Black "Morozevich,A"]
[Result "1-0"]
[WhiteElo "2741"]
[BlackElo "2758"]

1.e4 c5 2.Nf3 g6 3.c4 Bg7 4.d4 Qa5+ 5.Nc3 d6 6.h3 Nc6 7.d5 Nd4 8.Bd2 Qb6
9.Rb1 Nf6 10.Bd3 O-O 11.O-O Nd7 12.Nxd4 cxd4 13.Na4 Qc7 14.f4 a5 15.Be1 b6
16.Bg3 e6 17.f5 exf5 18.exf5 Re8 19.b3 Nf6 20.Bf2 Nh5 21.Qd2 Be5 22.Rbe1 Qd8
23.fxg6 hxg6 24.Re4 Bd7 25.Bh4 Qc7 26.g4 f5 27.Rxe5 dxe5 28.Qh6 e4 29.d6 Qb7
30.Nxb6 Re6 31.gxh5 g5 32.Qxg5+ Kh8 33.Qxf5 Rg8+ 34.Kh2 exd3 35.Bf6+ Rxf6
36.Qxf6+ Kh7 37.Nd5 Bxh3 38.Kxh3 Qd7+ 39.Kh2 d2 40.Qe7+  1-0

[Event "Renova FIDE GP Zug"]
[Site "Zug SUI"]
[Date "2013.04.29"]
[Round "10.2"]
[White "Morozevich,A"]
[Black "Radjabov,T"]
[Result "1-0"]
[WhiteElo "2758"]
[BlackElo "2793"]

1.e4 c5 2.Nf3 Nc6 3.d4 cxd4 4.Nxd4 e5 5.Nb5 d6 6.N1c3 a6 7.Na3 Be7 8.Be3 Nf6
9.Nc4 b5 10.Nb6 Rb8 11.Nxc8 Qxc8 12.Be2 O-O 13.O-O b4 14.Nd5 Nxe4 15.a3 Bd8
16.Qd3 Nf6 17.Nxb4 Nxb4 18.axb4 Rxb4 19.Qxd6 Rxb2 20.Bxa6 Qxc2 21.Rac1 Qa4
22.Rc8 Nd7 23.Rfc1 Rb8 24.R8c6 Qg4 25.Bc8 Rxc8 26.Rxc8 Bf6 27.R8c7 Rd8 28.Rd1 Be7
29.Rxd7 Bxd6 30.Rxd8+ Bf8 31.h3 Qa4 32.Rc1 f5 33.Rcc8 Kf7 34.Rxf8+ Kg6 35.g3 h5
36.h4 Qg4 37.Bg5 f4 38.Bxf4 exf4 39.Rc6+ Kh7 40.Rxf4 Qd1+ 41.Kh2 Qd5 42.Rc7 Kg6
43.Rff7 Qxf7 44.Rxf7 Kxf7 45.g4  1-0

[Event "Renova FIDE GP Zug"]
[Site "Zug SUI"]
[Date "2013.04.30"]
[Round "11.6"]
[White "Ponomariov,R"]
[Black "Morozevich,A"]
[Result "1/2-1/2"]
[WhiteElo "2733"]
[BlackElo "2758"]

1.d4 d5 2.c4 e6 3.Nf3 Nf6 4.Nc3 dxc4 5.e4 Bb4 6.Bg5 c5 7.Bxc4 cxd4 8.Nxd4 Qa5
9.Bxf6 Bxc3+ 10.bxc3 Qxc3+ 11.Kf1 gxf6 12.Bb5+ Ke7 13.Rc1 Qa5 14.e5 fxe5
15.Qh5 Nd7 16.Qg5+ Kf8 17.Rxc8+ Rxc8 18.Bxd7 Qd8 19.Nxe6+ fxe6 20.Qh6+ Kf7
21.Qxe6+ Kf8 22.Qf5+ Ke7 23.Qe6+ Kf8 24.Qf5+ Ke7 25.Qe6+ Kf8  1/2-1/2

[Event "Makedonia Palace GP"]
[Site "Thessaloniki GRE"]
[Date "2013.05.22"]
[Round "1.4"]
[White "Ivanchuk,V"]
[Black "Morozevich,A"]
[Result "1/2-1/2"]
[WhiteElo "2755"]
[BlackElo "2760"]

1.Nf3 Nf6 2.c4 g6 3.Nc3 Bg7 4.e4 d6 5.d4 O-O 6.Be2 e5 7.O-O Nc6 8.d5 Ne7
9.Nd2 a5 10.a3 Bd7 11.Rb1 a4 12.b4 axb3 13.Nxb3 b6 14.Ra1 Ba4 15.f3 Nd7 16.Nxa4 Rxa4
17.Bd3 Qa8 18.Qe2 Kh8 19.Bb2 f5 20.Bc2 Ra7 21.Rae1 f4 22.Ra1 Nf6 23.a4 g5
24.Bc3 h5 25.a5 bxa5 26.Nxa5 c5 27.Ra4 g4 28.Rfa1 Qe8 29.Kh1 Rc7 30.Nb3 Qd7
31.Ra6 Nc8 32.Nd2 Ra7 33.Ba4 Qe7 34.Rxa7 Nxa7 35.Nb3 Qf7 36.Nc1 Qg6 37.Nd3 h4
38.Nf2 g3 39.Nh3 Rb8 40.Bc2 Nc8 41.Ra6 Nh7 42.Qd1 Ng5 43.Nxg5 Qxg5 44.h3 Qe7
45.Qa1 Kg8 46.Kg1 Bf8 47.Kf1 Nb6 48.Bd3 Qc7 49.Ke2 Be7 50.Kd1 Bd8 51.Kc2 Qd7
52.Be2 Rb7 53.Qa2 Nc8 54.Kd3 Ra7 55.Bd1 Qb7 56.Rxa7 Qxa7 57.Qxa7 Nxa7 58.Ba4 Nc8
59.Bd7 Nb6 60.Be6+ Kf8 61.Ba5 Ke7 62.Bxb6 Bxb6  1/2-1/2

[Event "Makedonia Palace GP"]
[Site "Thessaloniki GRE"]
[Date "2013.05.23"]
[Round "2.3"]
[White "Morozevich,A"]
[Black "Svidler,P"]
[Result "1-0"]
[WhiteElo "2760"]
[BlackElo "2769"]

1.e4 e5 2.Nf3 Nc6 3.Nc3 Nf6 4.Bb5 Nd4 5.Ba4 Bc5 6.Nxe5 O-O 7.Nd3 Bb6 8.e5 Ne8
9.Nd5 c6 10.Ne3 d5 11.O-O f6 12.c3 Nf5 13.b4 Qc7 14.b5 fxe5 15.Ba3 Rf6 16.Nb4 e4
17.bxc6 Rh6 18.h3 Nh4 19.Nbxd5 Qe5 20.cxb7 Nf3+ 21.Qxf3 exf3 22.bxa8=Q  1-0

[Event "Makedonia Palace GP"]
[Site "Thessaloniki GRE"]
[Date "2013.05.24"]
[Round "3.5"]
[White "Kasimdzhanov,R"]
[Black "Morozevich,A"]
[Result "1/2-1/2"]
[WhiteElo "2699"]
[BlackElo "2760"]

1.d4 Nf6 2.c4 g6 3.Nc3 Bg7 4.e4 d6 5.Nf3 O-O 6.Be2 c5 7.O-O Re8 8.h3 cxd4
9.Nxd4 Nbd7 10.Re1 b6 11.Nc6 Qc7 12.Nb4 Bb7 13.Nbd5 Qd8 14.Bg5 h6 15.Bh4 g5
16.Bg3 Nc5 17.Bf3 Nfd7 18.b4 Bxd5 19.Nxd5 Bxa1 20.Qxa1 Nd3 21.Rd1 N3e5 22.Be2 e6
23.Nc3 a5 24.Nb5 axb4 25.Nxd6 b3 26.Nxe8 Qxe8 27.Qc3 Rxa2 28.Bf1 Ra5 29.Qxb3 Qe7
30.Qb2 Qc5 31.Kh1 Ra4 32.Qd2 Nf6 33.f3 Nxc4 34.Bxc4 Rxc4 35.Bf2 Qc7 36.Qd8+ Qxd8
37.Rxd8+ Kg7 38.Bxb6 e5 39.Kh2 Nh5 40.Be3 Nf4 41.Bxf4 gxf4  1/2-1/2

[Event "Makedonia Palace GP"]
[Site "Thessaloniki GRE"]
[Date "2013.05.27"]
[Round "5.6"]
[White "Bacrot,E"]
[Black "Morozevich,A"]
[Result "1/2-1/2"]
[WhiteElo "2725"]
[BlackElo "2760"]

1.d4 Nf6 2.c4 g6 3.Nc3 d5 4.Nf3 Bg7 5.Qa4+ Bd7 6.Qb3 dxc4 7.Qxc4 O-O 8.Bf4 c6
9.e4 Qa5 10.b4 Qd8 11.a4 a5 12.b5 Be6 13.Qd3 Nbd7 14.Be2 Nh5 15.Be3 c5 16.d5 Bg4
17.Rc1 Bxf3 18.Bxf3 Ne5 19.Qd1 Nxf3+ 20.Qxf3 b6 21.g4 Nf6 22.O-O Qd7 23.h3 h5
24.gxh5 Nxh5 25.Qg2 Bd4 26.Ne2 Bxe3 27.fxe3 Rad8 28.Rcd1 Qc7 29.Rf5 Nf6 30.Rdf1 Kh8
31.R5f4 Qe5 32.Rh4+ Kg7 33.Ng3 Rg8 34.d6 Rxd6 35.Nf5+ Kf8 36.Nxd6 Qxd6 37.Qg5 Nd7
38.Rh7 Ne5 39.Qf4 f6 40.Qf2 Ke8 41.Qe2 Qd3 42.Qxd3 Nxd3 43.Kg2 c4 44.Kf3 Kd7
45.Ke2 Ke6 46.Kd2 Rd8 47.Kc2 Nb4+ 48.Kc3 Rd3+ 49.Kxc4 Rxe3 50.Kd4 Nc2+ 51.Kc4 Na3+
52.Kd4 Nc2+ 53.Kc4 Nb4 54.Kd4 Ra3 55.Rc1 Rxa4 56.Ke3 Ra3+ 57.Ke2 Ra2+ 58.Ke3 Rc2
59.Rxc2 Nxc2+ 60.Kd3 Na3 61.h4 f5 62.Rh6 fxe4+ 63.Kxe4 Kf7 64.h5 gxh5 65.Rxb6 h4
66.Rb8 h3 67.Kf3 Ke6 68.b6 Kd7 69.Ra8 Kc6 70.Rxa5 Nc4 71.Ra7 Kxb6 72.Rxe7 Kc5
73.Kg3 Kd4 74.Kxh3 Ne3 75.Re8 Kd3 76.Kg3 Kd4 77.Kf3 Nc4 78.Rd8+ Ke5 79.Re8+ Kd4
80.Kf4 Kd5 81.Re5+ Nxe5  1/2-1/2

[Event "Makedonia Palace GP"]
[Site "Thessaloniki GRE"]
[Date "2013.05.28"]
[Round "6.6"]
[White "Grischuk,A"]
[Black "Morozevich,A"]
[Result "1/2-1/2"]
[WhiteElo "2779"]
[BlackElo "2760"]

1.e4 e5 2.Nf3 Nc6 3.Bb5 a6 4.Ba4 Nf6 5.d3 d6 6.c3 g6 7.Bg5 Bg7 8.Nbd2 h6
9.Bh4 O-O 10.O-O Ne7 11.Bb3 g5 12.Bg3 Ng6 13.Nc4 h5 14.h3 Bh6 15.Ne3 Kg7
16.Re1 h4 17.Bh2 g4 18.Nf5+ Bxf5 19.exf5 Nf4 20.hxg4 Nxg4 21.d4 Qf6 22.Bxf4 Bxf4
23.Nxe5 Nxe5 24.dxe5 dxe5 25.Qg4+ Kh6 26.Rad1 Rg8 27.Qh3 Rg7 28.Bd5 Rag8
29.Rd3 c6 30.Be4 Rd8 31.Red1 Rgg8 32.Kf1 Rxd3 33.Qxd3 Bg5 34.Ke2 Rd8 35.Qxd8 Qxd8
36.Rxd8 Bxd8 37.Kf3 Kg5 38.Bc2 Bb6 39.Bb3 Kxf5 40.Bxf7 e4+ 41.Ke2 a5 42.a4 Bd8
43.f3 exf3+ 44.Kxf3  1/2-1/2

[Event "Makedonia Palace GP"]
[Site "Thessaloniki GRE"]
[Date "2013.05.30"]
[Round "8.1"]
[White "Dominguez Perez,L"]
[Black "Morozevich,A"]
[Result "1-0"]
[WhiteElo "2723"]
[BlackElo "2760"]

1.e4 e5 2.Nf3 Nc6 3.Bb5 a6 4.Ba4 Nf6 5.O-O Be7 6.d3 d6 7.c3 O-O 8.Nbd2 Re8
9.d4 exd4 10.cxd4 Bf8 11.d5 b5 12.dxc6 bxa4 13.Qxa4 d5 14.e5 Ng4 15.Qd4 Rb8
16.a3 Rb6 17.h3 Nh6 18.Qc3 f6 19.e6 Rxe6 20.Nd4 Re8 21.N2b3 Nf7 22.Bf4 Ne5
23.Rfe1 Be6 24.Bxe5 fxe5 25.Rxe5 Bf7 26.Rxe8 Qxe8 27.Re1 Qd8 28.Nc5 Bxc5
29.Qxc5 Rxb2 30.Qe7 Qb8 31.Qe5 Qb6 32.Re3 g6 33.Ne6 Rb1+ 34.Kh2 Qb2 35.Rc3 Qxc3
36.Qxc3 Bxe6 37.Qe5 Kf7 38.Qxc7+ Kf6 39.Qf4+ Ke7 40.Qc7+ Kf6 41.Qd6 g5 42.f4 gxf4
43.c7  1-0

[Event "Makedonia Palace GP"]
[Site "Thessaloniki GRE"]
[Date "2013.06.01"]
[Round "9.5"]
[White "Morozevich,A"]
[Black "Topalov,V"]
[Result "0-1"]
[WhiteElo "2760"]
[BlackElo "2793"]

1.e4 c6 2.d4 d5 3.e5 Bf5 4.Nf3 e6 5.Be2 Ne7 6.c3 Nd7 7.O-O c5 8.Nh4 Be4 9.Nd2 Nc6
10.g3 Be7 11.f3 Bg6 12.Nxg6 hxg6 13.Nb3 cxd4 14.cxd4 Nb6 15.f4 Nc4 16.Kg2 Qb6
17.Rf3 O-O-O 18.Be3 Nxe3+ 19.Rxe3 Kb8 20.a4 a6 21.a5 Qb4 22.Rd3 Rc8 23.Nd2 Nxa5
24.Nf3 Qb6 25.Qa4 Bb4 26.h4 Rc7 27.Rh1 Rhc8 28.Bd1 Be7 29.b3 Rh8 30.Ng5 Bd8
31.Rf1 Nc6 32.Bg4 Nb4 33.Rd2 Ka7 34.Rff2 Nc6 35.Nxf7 Rxf7 36.Bxe6 Rc7 37.Bxd5 Ne7
38.Be4 Nf5 39.Bxf5 gxf5 40.d5 Rc3 41.d6 Rxb3 42.Rfe2 Rxg3+ 43.Kxg3 Qg1+ 44.Kf3 Bb6  0-1

[Event "Makedonia Palace GP"]
[Site "Thessaloniki GRE"]
[Date "2013.06.02"]
[Round "10.3"]
[White "Kamsky,G"]
[Black "Morozevich,A"]
[Result "1-0"]
[WhiteElo "2741"]
[BlackElo "2760"]

1.e4 e5 2.Nf3 Nc6 3.Bb5 a6 4.Ba4 Nf6 5.O-O Be7 6.Re1 b5 7.Bb3 d6 8.c3 O-O
9.h3 Na5 10.Bc2 c5 11.d4 cxd4 12.cxd4 exd4 13.Nxd4 Re8 14.Nc3 Bb7 15.Nf5 Rc8
16.Bg5 Nc4 17.Qd4 Nxb2 18.Bb3 Nc4 19.Rad1 Qd7 20.Rd3 Bd8 21.Nxg7 Re5 22.Nf5 Nxe4
23.Nh6+ Kf8 24.Bxd8 Rxd8 25.f4  1-0

[Event "Makedonia Palace GP"]
[Site "Thessaloniki GRE"]
[Date "2013.06.03"]
[Round "11.4"]
[White "Morozevich,A"]
[Black "Ponomariov,R"]
[Result "1/2-1/2"]
[WhiteElo "2760"]
[BlackElo "2742"]

1.d4 Nf6 2.Bg5 d5 3.e3 c5 4.Bxf6 gxf6 5.Bb5+ Bd7 6.Bxd7+ Qxd7 7.Qf3 cxd4
8.exd4 Nc6 9.Ne2 f5 10.O-O e6 11.Rd1 O-O-O 12.b3 Rg8 13.c4 dxc4 14.Nbc3 Bg7
15.bxc4 Bxd4 16.Rab1 Ne5 17.Qh3 Qc6 18.Nd5 Bc5 19.Nd4 Qa6 20.Nb3 Bxf2+ 21.Kxf2 exd5
22.Qxf5+ Qe6 23.Nd4 Qxf5+ 24.Nxf5 Rg5 25.Ne7+ Kb8 26.cxd5 Rd7 27.d6 b6 28.h4 Rg4
29.Rb5 Ng6 30.Rf5 Nxh4 31.Rxf7 Rxg2+ 32.Kf1 Kb7 33.Rxh7 Rg4 34.Kf2 Nf5 35.Kf3 Ra4
36.Nxf5 Rxh7 37.d7 Rh8 38.d8=Q Rxd8 39.Rxd8 Rxa2 40.Ke4 Rc2 41.Nd6+ Ka6 42.Kd5 Ka5
43.Ra8 Rc7 44.Ne8 Rh7 45.Kc6 Kb4 46.Nd6 a5 47.Rb8 a4 48.Rxb6+ Kc3 49.Nb5+ Kb4
50.Nc7+ Kc4 51.Nb5 Rh6+ 52.Nd6+ Rxd6+ 53.Kxd6 a3 54.Ra6 Kb3 55.Rxa3+ Kxa3  1/2-1/2

[Event "8th Tal Mem Blitz"]
[Site "Moscow RUS"]
[Date "2013.06.12"]
[Round "2"]
[White "Morozevich,A"]
[Black "Caruana,F"]
[Result "0-1"]
[WhiteElo "2760"]
[BlackElo "2774"]

1.Nf3 Nf6 2.c4 c6 3.d4 d5 4.Nc3 e6 5.Bg5 h6 6.Bh4 dxc4 7.e4 g5 8.Bg3 b5 9.Be2 Bb7
10.e5 Nd5 11.O-O Nd7 12.a4 a6 13.Nxd5 cxd5 14.Ne1 Be7 15.f4 gxf4 16.Bxf4 Qb6
17.a5 Qc6 18.Bg3 Rh7 19.Qc2 Rg7 20.Bh5 O-O-O 21.Rxf7 Rdg8 22.Nf3 Rxf7 23.Bxf7 Rg7
24.Bh5 Qc7 25.Bf4 Bg5 26.Nxg5 hxg5 27.Be3 Qd8 28.Bg4 Qe7 29.Rf1 b4 30.Qa4 b3
31.Bd2 Rf7 32.Qb4 Rxf1+ 33.Kxf1 Qf7+ 34.Ke1 Qg6 35.Kf2 Qe4 36.Bxe6 Qxd4+
37.Kf1 Qd3+ 38.Kf2 Qd4+ 39.Kf1 Bc6 40.Qd6 Qd3+ 41.Ke1 Qe4+ 42.Kf2 d4 43.Bxc4 Qxg2+
44.Ke1 Qh1+ 45.Ke2 Qxh2+ 46.Kd3 Nxe5+ 47.Kxd4 Nf3+ 48.Kc5 Qxd6+ 49.Kxd6 Nxd2
50.Bxa6+ Bb7 51.Be2 Ne4+ 52.Ke5 Nc5 53.Kf6 Ba6 54.Bg4+ Kc7 55.Kxg5 Bc4 56.Kf4 Nd3+
57.Ke3 Nxb2 58.Kd2 Na4 59.Bf5 Kb7 60.Bd7 b2 61.Bf5 Ba2 62.Bc2 Ka6 63.Ke3 Kxa5
64.Kd4 Kb4 65.Kd3 Nc3 66.Kd2 Nb1+ 67.Kd3 Na3  0-1

[Event "8th Tal Mem Blitz"]
[Site "Moscow RUS"]
[Date "2013.06.12"]
[Round "3"]
[White "Karjakin,Sergey"]
[Black "Morozevich,A"]
[Result "1/2-1/2"]
[WhiteElo "2782"]
[BlackElo "2760"]

1.e4 c5 2.Nf3 d6 3.d4 cxd4 4.Nxd4 Nf6 5.Nc3 g6 6.Be3 Bg7 7.Be2 O-O 8.Qd2 Nc6
9.O-O-O Bd7 10.Kb1 Rc8 11.h4 h5 12.Bh6 Nxd4 13.Bxg7 Nxe2 14.Bxf6 Nxc3+ 15.Bxc3 Be6
16.f3 f6 17.g4 hxg4 18.fxg4 Bxg4 19.Rdg1 Bh5 20.Qd5+ Kh7 21.Qxb7 Rxc3 22.bxc3 Qb6+
23.Qxb6 axb6 24.Rg3 Rc8 25.Re1 Kg7 26.Kb2 Kf7 27.Kb3 e5 28.c4 f5 29.exf5 gxf5
30.Rg5 Bg4 31.Kb4 Kf6 32.a4 Rh8 33.Kb5 Rxh4 34.Rg8 Bf3 35.Kxb6 Rxc4 36.a5 Rxc2
37.a6 Rb2+ 38.Kc7 Ra2 39.Kb6 Rb2+ 40.Kc7 Ra2 41.Kb6 Rb2+  1/2-1/2

[Event "8th Tal Mem Blitz"]
[Site "Moscow RUS"]
[Date "2013.06.12"]
[Round "4"]
[White "Andreikin,D"]
[Black "Morozevich,A"]
[Result "1-0"]
[WhiteElo "2713"]
[BlackElo "2760"]

1.e4 e5 2.Nf3 Nc6 3.Nc3 Nf6 4.d4 exd4 5.Nxd4 Bb4 6.Nxc6 bxc6 7.Bd3 d5 8.exd5 O-O
9.O-O cxd5 10.h3 Rb8 11.Qf3 c6 12.Bf4 Bd6 13.b3 Qc7 14.Bxd6 Qxd6 15.Rfe1 Bd7
16.Qg3 Qxg3 17.fxg3 Rfe8 18.g4 h5 19.g5 Nh7 20.g6 Nf6 21.Na4 Ne4 22.Bxe4 dxe4
23.gxf7+ Kxf7 24.Re3 Bf5 25.Rf1 Kg6 26.Rg3+ Kf6 27.Rc3 Kg5 28.h4+ Kg4 29.Kh2 e3
30.g3 Re4 31.Rxe3 Rbe8 32.Nc3  1-0

[Event "8th Tal Mem Blitz"]
[Site "Moscow RUS"]
[Date "2013.06.12"]
[Round "5"]
[White "Morozevich,A"]
[Black "Gelfand,B"]
[Result "1/2-1/2"]
[WhiteElo "2760"]
[BlackElo "2755"]

1.d4 Nf6 2.Bg5 Ne4 3.Bh4 d5 4.f3 Nd6 5.Nc3 Nf5 6.Bf2 c5 7.e3 cxd4 8.exd4 Nc6
9.g4 Nd6 10.Nxd5 g6 11.Nc3 Bg7 12.d5 Ne5 13.Bd4 O-O 14.Qe2 Nec4 15.Bxg7 Kxg7
16.b3 Qa5 17.Qd3 Na3 18.Qd2 Bd7 19.Bd3 Rac8 20.Nge2 Rc7 21.Ne4 Qxd5 22.c4 Qe5
23.O-O Nxe4 24.Bxe4 b5 25.cxb5 Bxb5 26.Rae1 Bxe2 27.Rxe2 Nb5 28.Bd3 Qd4+
29.Qe3 Qxe3+ 30.Rxe3 Nc3 31.a4 Nd5 32.Re5 Nb4 33.Bc4 Rd8 34.f4 Rd4 35.h3 Nd3
36.Rd5 Rxd5 37.Bxd5 Rd7 38.Bc4 Nb4 39.f5 g5 40.Re1 Kf6 41.Kf2 Rd2+ 42.Kg3 Nc6
43.h4 h6 44.hxg5+ hxg5 45.Rh1 Ne5 46.Rh6+ Kg7 47.Ra6 Nxc4 48.bxc4 Rd3+ 49.Kf2 Rd4
50.Kg3 Rd3+ 51.Kf2 Rd4  1/2-1/2

[Event "8th Tal Mem Blitz"]
[Site "Moscow RUS"]
[Date "2013.06.12"]
[Round "6"]
[White "Mamedyarov,S"]
[Black "Morozevich,A"]
[Result "0-1"]
[WhiteElo "2753"]
[BlackElo "2760"]

1.d4 Nf6 2.c4 g6 3.Nc3 Bg7 4.Nf3 d6 5.g3 O-O 6.Bg2 c5 7.d5 e6 8.O-O exd5
9.cxd5 Re8 10.Bf4 Na6 11.Nd2 Nh5 12.Be3 Rxe3 13.fxe3 Qe7 14.e4 Bd7 15.Qb3 Rb8
16.Bf3 Nf6 17.Nd1 h5 18.Nf2 b5 19.Qa3 Rb6 20.Qb3 c4 21.Qd1 Nc5 22.Qc2 h4
23.Kg2 g5 24.g4 Nh7 25.Rac1 Nf8 26.b4 Na4 27.e5 Qxe5 28.Be4 Nc3 29.Nf3 Qf4
30.e3 Qf6 31.Rce1 Ra6 32.Nd4 Nxa2 33.Nh3 Qe7 34.Nc6 Bxc6 35.dxc6 Nxb4 36.Qb1 d5
37.c7 Rc6 38.Bh7+ Nxh7 39.Qf5 Rxc7 40.Qxh7+ Kxh7  0-1

[Event "8th Tal Mem Blitz"]
[Site "Moscow RUS"]
[Date "2013.06.12"]
[Round "7"]
[White "Morozevich,A"]
[Black "Carlsen,M"]
[Result "1-0"]
[WhiteElo "2760"]
[BlackElo "2864"]

1.e4 c5 2.Nf3 Nc6 3.d4 cxd4 4.Nxd4 g6 5.Nc3 Bg7 6.Be3 Nf6 7.Bc4 Qa5 8.O-O O-O
9.Bb3 d6 10.h3 Bd7 11.f4 Nxd4 12.Bxd4 Bc6 13.Qd3 Nd7 14.Bxg7 Kxg7 15.Nd5 Qc5+
16.Kh1 e6 17.Nc3 Nf6 18.Rad1 Rad8 19.f5 Qe5 20.Rde1 b5 21.Nd5 Nh5 22.Re3 a5
23.f6+ Kh8 24.a3 Qxb2 25.Ne7 Ba8 26.Qxb5 Nxf6 27.Qg5 Nxe4 28.Qh4 Qe5 29.Rxf7 Qa1+
30.Kh2 Qe5+ 31.Kh1 Qa1+ 32.Kh2 Qe5+ 33.Kh1 Qa1+ 34.Re1 Qxe1+ 35.Qxe1 Rxf7
36.Nxg6+ Kg7 37.Qxa5 Re8 38.Nh4 Kh8 39.Kh2 d5 40.Qb6 Rfe7 41.Nf3 e5 42.Qh6 Nc5
43.Ng5 Nxb3 44.cxb3 e4 45.Qf6+ Kg8 46.Qf4 d4 47.Qg4 Kh8 48.Qf5 e3 49.Nf7+ Kg7
50.Nd6 e2 51.Qg5+ Kh8 52.Qf6+ Kg8 53.Nf5  1-0

[Event "8th Tal Mem Blitz"]
[Site "Moscow RUS"]
[Date "2013.06.12"]
[Round "8"]
[White "Kramnik,V"]
[Black "Morozevich,A"]
[Result "1-0"]
[WhiteElo "2803"]
[BlackElo "2760"]

1.c4 b6 2.Nc3 Bb7 3.e4 e5 4.Nf3 Nc6 5.g3 Bc5 6.Bg2 d6 7.a3 a5 8.d3 Nge7 9.O-O O-O
10.Nh4 Nd4 11.Be3 Ne6 12.Qg4 g6 13.Bh6 Re8 14.Kh1 Bd4 15.Ne2 Bxb2 16.Ra2 Bd4
17.f4 Nc5 18.f5 Nxd3 19.Qf3 Nf2+ 20.Rxf2 Bxf2 21.Qxf2 Nc6 22.Nf3 gxf5 23.Nc3 fxe4
24.Ng5 f6 25.Ncxe4 fxg5 26.Nf6+ Kh8 27.Nxe8 Qe7 28.Qf6+ Qxf6 29.Nxf6 a4 30.Rf2 Na5
31.Bxb7 Nxb7 32.Nd5 Nc5 33.Rf7 Ne6 34.Re7 c6 35.Nxb6 Rb8 36.Rxe6 Kg8 37.Nxa4 Rd8
38.Bxg5 Rd7 39.Re7  1-0

[Event "8th Tal Mem Blitz"]
[Site "Moscow RUS"]
[Date "2013.06.12"]
[Round "9"]
[White "Morozevich,A"]
[Black "Anand,V"]
[Result "0-1"]
[WhiteElo "2760"]
[BlackElo "2786"]

1.Nf3 d5 2.c4 e6 3.g3 dxc4 4.Qa4+ Bd7 5.Qxc4 c5 6.Ne5 Nc6 7.Nxd7 Qxd7 8.Bg2 Nf6
9.O-O Be7 10.d3 O-O 11.Nd2 Rab8 12.Nb3 b6 13.Bf4 Rbc8 14.Rfd1 Nd5 15.Bd2 Bf6
16.Rab1 Rfd8 17.Qe4 Ndb4 18.a3 Nd5 19.e3 g6 20.f4 Bg7 21.Qf3 a5 22.Bf1 a4
23.Nc1 b5 24.d4 cxd4 25.e4 Nc7 26.Nd3 e5 27.f5 Na6 28.g4 Qd6 29.Rbc1 b4 30.Rc4 bxa3
31.Rxa4 Nc5 32.Rxa3 Nxd3 33.Bxd3 Nb4 34.Bxb4 Qxb4 35.Ra7 Rf8 36.g5 Qb6 37.Ra6 Qxb2
38.f6 Bh8 39.Qe2 Qc3 40.h4 Rb8 41.Ra2 Rb6 42.Rc2 Qa3 43.Kg2 Bxf6 44.gxf6 Rxf6
45.Rf1 Qe7 46.Rc7 Qxc7 47.Rxf6 Qe7 48.Qf2 Kg7 49.Rc6 Rd8 50.Qg3 Rd7 51.h5 Rc7
52.Rxc7 Qxc7 53.Qg5 h6 54.Qg3 Qd6 55.Kh2 Qf6 56.hxg6 fxg6 57.Kg2 h5 58.Qh3 Kh6
59.Qc8 Qg5+ 60.Kh1 Qf6 61.Qc1+ Qg5 62.Qf1 Qh4+ 63.Kg2 Qg4+ 64.Kh1 Kg5 65.Bc2 Qh4+
66.Kg2 Qf4 67.Qc4 h4 68.Qc8 Qd2+ 69.Kf1 Kf4 70.Ba4 Kg3 71.Qf8 Qf4+ 72.Qxf4+ Kxf4
73.Bc2 g5 74.Kg2 Ke3 75.Kh3 d3 76.Ba4 Kxe4 77.Kg4 Ke3  0-1

[Event "8th Tal Memorial"]
[Site "Moscow RUS"]
[Date "2013.06.14"]
[Round "2.1"]
[White "Morozevich,A"]
[Black "Mamedyarov,S"]
[Result "1/2-1/2"]
[WhiteElo "2760"]
[BlackElo "2753"]

1.e4 c6 2.d4 d5 3.e5 Bf5 4.Nf3 e6 5.Be2 Ne7 6.c3 h6 7.O-O Nd7 8.Nbd2 c5 9.dxc5 Nxc5
10.Nd4 Bh7 11.N2b3 Nc6 12.Be3 Nxb3 13.axb3 Nxe5 14.Bb5+ Nd7 15.Qh5 Bg6 16.Qe5 Qb8
17.Qxb8+ Rxb8 18.Rxa7 Bd6 19.b4 Ke7 20.f4 Be4 21.f5 e5 22.f6+ gxf6 23.Nf5+ Bxf5
24.Rxf5 Nf8 25.Rf1 Ne6 26.Bc6 d4 27.Bd2 Rhd8 28.Bxh6 dxc3 29.bxc3 Rdc8 30.Rxb7+ Rxb7
31.Bxb7 Rxc3 32.Rb1 f5 33.b5 f4 34.b6 Kf6 35.Be4 Rc8 36.h4 Rh8 37.Bg5+ Nxg5
38.hxg5+ Kxg5 39.Rb5 f5 40.Bd5 Kf6 41.b7 e4 42.Bc6 Bb8 43.Ra5 Rd8 44.Rd5 Rg8
45.Kf1 Rh8 46.Bd7 Rh1+ 47.Ke2 Rh2 48.Kf1 Rh1+ 49.Ke2 Rh2  1/2-1/2

[Event "8th Tal Memorial"]
[Site "Moscow RUS"]
[Date "2013.06.15"]
[Round "3.1"]
[White "Anand,V"]
[Black "Morozevich,A"]
[Result "1-0"]
[WhiteElo "2786"]
[BlackElo "2760"]

1.e4 e5 2.Nf3 Nc6 3.Bb5 a6 4.Ba4 Nf6 5.O-O Be7 6.Re1 b5 7.Bb3 d6 8.c3 O-O
9.h3 Re8 10.d4 Bb7 11.Nbd2 Bf8 12.a3 h6 13.Ba2 Nb8 14.Qb3 Qd7 15.Qc2 c5 16.d5 c4
17.b3 cxb3 18.Bxb3 Qc7 19.a4 Rc8 20.c4 b4 21.a5 Nbd7 22.Qb1 Rcb8 23.Bc2 Bc8
24.Ra4 Be7 25.Re3 Bd8 26.Rxb4 Qxa5 27.Ba3 Qc7 28.Rxb8 Rxb8 29.Rb3 Ra8 30.Ne1 Nc5
31.Bxc5 Qxc5 32.Nd3 Qa5 33.Qc1 Nd7 34.Ra3 Qc7 35.Ba4 Bg5 36.Bc6 Rb8 37.Qc2 f5
38.exf5 Nf6 39.g4 e4 40.Ne1 Qe7 41.Ng2 Qe5 42.Nf1 e3 43.Ngxe3 Bh4 44.Rb3 Rxb3
45.Qxb3 Qf4 46.Nd1 Ne4 47.Qe3 Ng5 48.Kg2 Qxc4 49.Nd2 Qc1 50.Nc3 Nf7 51.Qe8+ Kh7
52.Nf3 Ne5 53.Nxh4 Qxc3 54.Ng6 Qf3+ 55.Kg1 Bxf5 56.gxf5 Qxf5 57.Nxe5 dxe5
58.Qe6 Qb1+ 59.Kh2 Qc2 60.Qf7  1-0